The best life diet / (Record no. 589044)

000 -LEADER
fixed length control field 01447cam a22003857a 4500
001 - CONTROL NUMBER
control field 15617068
003 - CONTROL NUMBER IDENTIFIER
control field NUST
005 - DATE AND TIME OF LATEST TRANSACTION
control field 20220405112503.0
008 - FIXED-LENGTH DATA ELEMENTS--GENERAL INFORMATION
fixed length control field 090209s2009 nyuaf 001 0 eng d
010 ## - LIBRARY OF CONGRESS CONTROL NUMBER
LC control number 2009286003
020 ## - INTERNATIONAL STANDARD BOOK NUMBER
International Standard Book Number 9781416590231 (pbk.)
020 ## - INTERNATIONAL STANDARD BOOK NUMBER
International Standard Book Number 1416590234 (pbk.)
035 ## - SYSTEM CONTROL NUMBER
System control number (OCoLC)ocn297186250
038 ## - RECORD CONTENT LICENSOR
Staff Name waseem
040 ## - CATALOGING SOURCE
Original cataloging agency JSY
Transcribing agency JSY
Modifying agency DLC
042 ## - AUTHENTICATION CODE
Authentication code lccopycat
050 00 - LIBRARY OF CONGRESS CALL NUMBER
Classification number RM222.2
Item number .G7225 2009
082 04 - DEWEY DECIMAL CLASSIFICATION NUMBER
Classification number 613.25
Author Mark GRE
100 1# - MAIN ENTRY--PERSONAL NAME
Personal name Greene, Bob
Fuller form of name (Bob W.)
9 (RLIN) 90824
245 14 - TITLE STATEMENT
Title The best life diet /
Statement of responsibility, etc. Bob Greene ; foreword by Oprah Winfrey ; photographs by Alan Richardson.
250 ## - EDITION STATEMENT
Edition statement Rev. and updated
260 ## - PUBLICATION, DISTRIBUTION, ETC.
Place of publication, distribution, etc. New York :
Name of publisher, distributor, etc. Simon & Schuster Paperbacks,
Date of publication, distribution, etc. 2009.
300 ## - PHYSICAL DESCRIPTION
Extent xviii, 314 p., [16] p. of plates :
Other physical details col. ill. ;
Dimensions 24 cm.
500 ## - GENERAL NOTE
General note Includes indexes.
520 ## - SUMMARY, ETC.
Summary, etc. Explains how to lose weight permanently in a resource that complements dietary guidelines with dozens of nutritionally balanced recipes.
563 ## - BINDING INFORMATION
Binding note PBK.
650 #0 - SUBJECT ADDED ENTRY--TOPICAL TERM
Topical term or geographic name entry element Weight loss
Form subdivision Popular works.
9 (RLIN) 90825
650 #0 - SUBJECT ADDED ENTRY--TOPICAL TERM
Topical term or geographic name entry element Reducing diets
Form subdivision Popular works.
9 (RLIN) 90826
650 #0 - SUBJECT ADDED ENTRY--TOPICAL TERM
Topical term or geographic name entry element Nutrition
Form subdivision Popular works.
9 (RLIN) 90827
650 #0 - SUBJECT ADDED ENTRY--TOPICAL TERM
Topical term or geographic name entry element Physical fitness
Form subdivision Popular works.
9 (RLIN) 90828
650 #0 - SUBJECT ADDED ENTRY--TOPICAL TERM
Topical term or geographic name entry element Reducing diets
Form subdivision Recipes
-- Popular works.
9 (RLIN) 90829
906 ## - LOCAL DATA ELEMENT F, LDF (RLIN)
a 0
b ibc
c copycat
d 2
e ncip
f 20
g y-gencatlg
942 ## - ADDED ENTRY ELEMENTS (KOHA)
Source of classification or shelving scheme
Koha item type Book
Holdings
Withdrawn status Lost status Source of classification or shelving scheme Damaged status Not for loan Permanent Location Current Location Date acquired Source of acquisition Total Checkouts Full call number Barcode Date last seen Price effective from Koha item type
          Central Library (CL) Central Library (CL) 04/05/2022 Donation   613.25 GRE CL-D-1571 04/05/2022 04/05/2022 Book
© 2023 Central Library, National University of Sciences and Technology. All Rights Reserved.